Theory and problem of Trigonometry (Record no. 267196)

000 -LEADER
fixed length control field 00341 a2200133 4500
001 - CONTROL NUMBER
control field 32123
020 ## - INTERNATIONAL STANDARD BOOK NUMBER
International Standard Book Number 9780071160131
082 ## - DEWEY DECIMAL CLASSIFICATION NUMBER
Classification number 516.24 AYR
090 ## - LOCALLY ASSIGNED LC-TYPE CALL NUMBER (OCLC); LOCAL CALL NUMBER (RLIN)
-- 21567
-- 21567
100 ## - MAIN ENTRY--PERSONAL NAME
Personal name Ayres Frank
245 ## - TITLE STATEMENT
Title Theory and problem of Trigonometry
Remainder of title Trigonometry
Medium english
260 ## - PUBLICATION, DISTRIBUTION, ETC.
Place of publication, distribution, etc. Singapore
Name of publisher, distributor, etc. McGraw Hill
Date of publication, distribution, etc. 1999
300 ## - PHYSICAL DESCRIPTION
Extent viii 214 p
942 ## - ADDED ENTRY ELEMENTS (KOHA)
Institution code [OBSOLETE] NUST-CAE
Call number prefix 516.24 AYR
Holdings
Withdrawn status Lost status Damaged status Not for loan Collection code Permanent Location Current Location Date acquired Total Checkouts Full call number Barcode Date last seen Price effective from Koha item type
          College of Aeronautical Engineering (CAE) College of Aeronautical Engineering (CAE) 04/03/2017   516.24 AYR CAE72190 04/05/2017 04/05/2017 Book
© 2023 Central Library, National University of Sciences and Technology. All Rights Reserved.